LEADER 01248nam a2200301 a 4500 001 000000130968 003 CaOOAMICUS 005 20121012115955.0 008 121012s1964 it u000 u ita r 040 $aPUL$bita 041 1 $aita$asan$hsan 130 0 $aBhagavad-G?it?a.$lItaliano.$0(OLS)http://pul/title/165518 245 10$aBhagavad Gita /$csaggio introduttivo, commento e note di Sarvepalli Radhakrishnan ; traduzione del testo sanscrito e del commento di Icilio Vecchiotti. 260 $aRoma :$bUbaldini,$c©1964. 300 $a465 p. ;$c21 cm 490 1 $aCiviltą dell'oriente 500 $aContiene indice. 504 $aContiene indicazioni bibliografiche. 650 4$aFilosofia orientale$xStoria.$0(OLS)http://pul/subject/19864 700 1 $aRadhakrishnan, Sarvepalli,$d1888-1975.$0(OLS)http://pul/name/38699 700 1 $aVecchiotti, Icilio.$0(OLS)http://pul/name/20503 830 0$aCiviltą dell'oriente.$0(OLS)http://pul/title/83989 850 $aPUL 852 $aPUL$W1$xDP1 Fondo E. Rossi$y115$m1 B 80$j151338$qFondi$B150135$CPULBib$Z2$F150135 $82 941 1 $a1 996 $6245$aBhagavad Gita$9(OLS)http://pul/title/165519 996 $6260$aRoma :$bUbaldini$9(OLS)http://pul/publisher/60242 LEADER 01899nam a2200301 u 4500 001 000000029111 003 CaOOAMICUS 005 20070226111858.0 008 970204s1934 it u000 u ita u 035 $a10750946 040 $aISV$bita 100 1 $aSergi, Giuseppe,$d1841-1936.$0(OLS)http://pul/name/5980 245 10$aDa Alba Longa a Roma :$binizio dell'incivilimento in Italia, ovvero, Liguri e Siculi primi che in Italia e nelle isole posero in sedi stabili le comunitą e determinarono le forme fisiche del territorio /$cricerche storico-archeologiche di Giuseppe Sergi. 246 30$aLiguri e Siculi primi che in Italia e nelle isole posero in sedi stabili le comunitą e determinarono le forme fisiche del territorio 260 $aTorino :$bFratelli Bocca,$c1934. 300 $axi, 194 p. ;$c20 cm 504 $aIncludes index and bibliographical references. 650 0$aLigurians.$2//eng$0(OLS)http://pul/subject/16759 650 0$aItalic peoples$xHistory.$2//eng$0(OLS)http://pul/subject/16760 650 0$aSiculi (Italic people).$2//eng$0(OLS)http://pul/subject/16758 651 0$aRome$xHistory$yTo 510 B.C.$2//eng$0(OLS)http://pul/subject/1603 651 0$aItaly$xHistory$yTo 476.$2//eng$0(OLS)http://pul/subject/3554 850 $aPUL 852 $aPUL$W1$xDP2 Filosofia 1$y62$m92 C 18$j40354$nBK-PRI$b $qStampati$B40354$CPULBib$Z2$F40354 $81 941 1 $a8 996 $6245$aDa Alba Longa a Roma :$binizio dell'incivilimento in Italia, ovvero, Liguri e Siculi primi che in Italia e nelle isole posero in sedi stabili le comunitą e determinarono le forme fisiche del territorio$9(OLS)http://pul/title/39802 996 $6246$aLiguri e Siculi primi che in Italia e nelle isole posero in sedi stabili le comunitą e determinarono le forme fisiche del territorio$9(OLS)http://pul/title/39803 996 $6260$aTorino :$bFratelli Bocca$9(OLS)http://pul/publisher/47945